000 00434cam a2200181ua 4500
020 _c1.25
041 _ahin
_h
082 _a891.54
_bSHA/GL
100 _aSharada, Mishra .
245 _aGlob kanya /
_cSharada mishra.
_hTextual Documents
250 _a2 /
_b.
260 _aVaranasi :
_bHindi Pracharak Pusthakalayam ,
_c1964.
300 _a24 ; .
365 _a1.25
504 _a
942 _cBK
999 _c8358
_d8358